00000000nam##2200000za#4500
0019.571337
003CaOODSP
00520210624182656
007cr |||||||||||
008150406|1998||||xxc|||||o    f|0| 0 eng|d
040 |aCaOODSP|beng
043 |an-cn---
0861 |aTU3-5/98-46E-PDF
1102 |aTransportation Safety Board of Canada.
24510|aRisk of collision between NAV CANADA Canadair CL-600-2A12 and Transport Canada, Airport Maintenance Vehicle, Staff 61, Terrace Airport, British Columbia, 17 December 1998 |h[electronic resource]
260 |aGatineau - Quebec : |bTransportation Safety Board of Canada |c[2000].
300 |a13p.|bfig.
4901 |aAviation investigation report |vA98H0004
500 |a"The Board authorized the release of this report on 16 February 2000."--p.12 of 13.
590 |a12-19-Supp|b2012-04-30
77508|tRisque de collision entre le Canadair CL-600-2A12 de NAV CANADA et le véhicule d'entretien aéroportuaire Staff 61 de Transports Canada à l'aéroport de Terrace (Colombie-Britannique), le 17 décembre 1998 |w(CaOODSP)9.601951
830#0|aAviation investigation report ;|vA98H0004|w(CaOODSP)9.504825
85640|ahttp://publications.gc.ca|qPDF|s180 KB|uhttps://publications.gc.ca/collections/collection_2011/bst-tsb/TU3-5-98-46-eng.pdf|yA98H0004